000 00285nam a2200097Ia 4500
008 220204s9999 xx 000 0 und d
082 _a382.5(058)
_bDIR
245 0 _aDirectory of importers of Indian products: Australia
260 _aNew Delhi
_bManager of Publications
_c1970
942 _cBK
999 _c22234
_d22234